000 00865nmc a2200301 a 4500
003 AR-BaBNM
005 20251128202728.0
008 168019s1992 ||||||||||||||000 | spa||
020 _a950-12-7704-4
040 _cAR-BaBNM
100 1 _aGorostegui de Torres, Haydée
245 1 0 _aArgentina
_bla organización nacional
260 _aBuenos Aires
_bPaidós
_c1992
300 _a140 p.
_btablas, láms.
490 0 _aHistoria argentina
_vv. 4
500 _aIndíces analíticos p. 131-140
504 _aBibliografía p. 129-130
650 4 _aHISTORIA POLITICA
650 4 _aORGANIZACION NACIONAL
650 4 _aHISTORIA ECONOMICA
650 4 _aDEMOGRAFIA HISTORICA
650 4 _aHISTORIA SOCIAL
650 4 _aPRESIDENCIAS ARGENTINAS
650 4 _aGUERRA DEL PARAGUAY
800 1 _aHalperin Donghi, Tulio
_edirector
942 _cBK
998 _cMariana
999 _c287
_d287